Diseases of vegetable crops / (Record no. 18377)
[ view plain ]
| 000 -LEADER | |
|---|---|
| fixed length control field | 00468nam a2200157I 4500 |
| 040 ## - CATALOGING SOURCE | |
| Transcribing agency | OSU |
| 082 ## - DEWEY DECIMAL CLASSIFICATION NUMBER | |
| Classification number | 635 EDW 1944 C143 Or. |
| 100 1# - MAIN ENTRY--AUTHOR NAME | |
| Personal name | Walker, J. C. |
| 245 10 - TITLE STATEMENT | |
| Title | Diseases of vegetable crops / |
| 260 ## - PUBLICATION, DISTRIBUTION, ETC. (IMPRINT) | |
| Place of publication | [Ann Arbor, Mich. : |
| Name of publisher | Edwards Brothers, inc., |
| Year of publication | 1944 [c1939] |
| 300 ## - PHYSICAL DESCRIPTION | |
| Number of Pages | 2 p. l., 67 numb. l. ; |
| Dimensions | 28 cm. x 22 cm |
| 500 ## - GENERAL NOTE | |
| General note | Photo-lithoprint reproduction of author's manuscript |
| 650 #0 - SUBJECT ADDED ENTRY--TOPICAL TERM | |
| Topical Term | Vegetables |
| 650 #0 - SUBJECT ADDED ENTRY--TOPICAL TERM | |
| Topical Term | Plant diseases |
| 942 ## - ADDED ENTRY ELEMENTS (KOHA) | |
| Koha item type | ADB |
| 952 ## - LOCATION AND ITEM INFORMATION (KOHA) | |
| Withdrawn status [LOCAL, KOHA] | 0 |
| Source of acquisition | Permanent Location | Date acquired | Koha item type | Lost status | Shelving location | Current Location | Full call number |
|---|---|---|---|---|---|---|---|
| A35342 | Library Block C | 2019-11-05 | សៀវភៅភាសាអង់គ្លេស | C143 | Library Block C | 635 EDW 1944 C143 Or. |